MARC

LEADER 00000nam0a2200000 4500
001 121495
005 20231101215701.0
035 |a (RuTPU)RU\TPU\book\131573 
035 |a RU\TPU\book\130630 
090 |a 121495 
100 |a 20070914d1976 k y0rusy50 ca 
101 0 |a rus 
102 |a RU 
105 |a y b 000zy 
200 1 |a Подъемно-транспортное оборудование  |e номенклатурный справочник 16-1-76  |f Научно-исследовательский институт информации по тяжелому, энергетическому и транспортному машиностроению; сост. К. С. Егорова  |h Часть 1 
210 |a Москва  |c НИИИФОРМтяжмаш  |d 1976 
215 |a 85 с. 
610 1 |a каталоги 
610 1 |a подъемно-транспортное оборудование 
610 1 |a заводы-изготовители 
610 1 |a краны 
610 1 |a краны мостовые 
610 1 |a краны-штабелеры 
610 1 |a краны козловые 
610 1 |a краны портальные 
610 1 |a краны консольные 
610 1 |a конвейеры 
610 1 |a конвейеры ленточные 
610 1 |a конвейеры пластинчатые 
610 1 |a конвейеры подвесные 
610 1 |a конвейеры вибрационные 
610 1 |a элеваторы 
610 1 |a эскалаторы 
610 1 |a подвесные дороги 
610 1 |a домкраты 
610 1 |a лебедки 
610 1 |a транспорт 
610 1 |a оборудование складское 
610 1 |a тележки 
610 1 |a питатели 
675 |a 621.86(085)  |v 3 
702 1 |a Егорова  |b К. С.  |4 220 
712 0 2 |a Научно-исследовательский институт информации по тяжелому, энергетическому и транспортному машиностроению  |2 stltpush  |3 (RuTPU)RU\TPU\col\8030  |9 24456 
801 1 |a RU  |b 63413507  |c 20070903  |g PSBO 
801 2 |a RU  |b 63413507  |c 20071106  |g PSBO 
942 |c BK